[Event "Amsterdam Science Park op-A"]
[Site "Amsterdam"]
[Date "2022.07.21"]
[Round "4"]
[White "Labruyere, Roger"]
[Black "Van der Poel, Henk"]
[Result "0-1"]
[WhiteElo "2070"]
[BlackElo "2210"]
[PlyCount "64"]
[EventDate "2022.07.18"]
[EventType "swiss"]
[EventRounds "7"]
[EventCountry "NED"]
[SourceTitle "CBM 209 Extra"]
[Source "ChessBase"]
[SourceDate "2022.09.30"]
[SourceVersion "1"]
[SourceVersionDate "2022.09.30"]
[SourceQuality "1"]

1. e4 c5 2. Nf3 d6 3. Bb5+ Bd7 4. Bxd7+ Nxd7 5. c4 Ngf6 6. Nc3 g6 7. 0-0 Bg7 8. Qe2 0-0 9. Rd1 a6 10. d4 cxd4 11. Nxd4 Rc8 12. a4 Qa5 13. Bd2 Qc5 14. Nc2 Qxc4 15. Qxc4 Rxc4 16. Ne3 Rc6 17. b4 Rfc8 18. b5 Rxc3 19. Bxc3 Rxc3 20. bxa6 bxa6 21. Rab1 Bf8 22. Nd5 Nxd5 23. exd5 Nc5 24. Ra1 a5 25. Rdc1 Rd3 26. Rd1 Rxd1+ 27. Rxd1 Bg7 28. Rc1 Bb2 29. Rc2 Nxa4 30. Kf1 Bc3 31. Ke2 Bb4 32. Kd3 Nb6 0-1

[Event "NED-chT 1819"]
[Site "Netherlands"]
[Date "2019.04.13"]
[Round "8.10"]
[White "In't Veld, Daan"]
[Black "Van der Poel, Henk"]
[Result "0-1"]
[WhiteElo "2195"]
[BlackElo "2230"]
[PlyCount "68"]
[EventDate "2018.09.15"]
[EventType "team-tourn"]
[EventRounds "9"]
[EventCountry "NED"]
[SourceTitle "CBM 189 Extra"]
[Source "ChessBase"]
[SourceDate "2019.06.03"]
[SourceVersion "1"]
[SourceVersionDate "2019.06.03"]
[SourceQuality "1"]
[WhiteTeam "Kennemer Combinatie"]
[BlackTeam "BSG"]
[WhiteTeamCountry "NED"]
[BlackTeamCountry "NED"]

1. e4 c5 2. c3 Nf6 3. e5 Nd5 4. d4 cxd4 5. Nf3 e6 6. cxd4 d6 7. Bc4 Nc6 8. 0-0 Be7 9. Qe2 0-0 10. Nc3 dxe5 11. dxe5 Nxc3 12. bxc3 Qc7 13. Qe4 Bd7 14. Bd3 g6 15. Bh6 Rfd8 16. Rad1 Be8 17. Rfe1 Rd5 18. c4 Rd7 19. Bg5 Rad8 20. Bf6 Nb4 21. Be2 Rxd1 22. Bxd1 Nd3 23. Qh4 Nxe1 24. Ng5 h5 25. Bxh5 Bxf6 26. exf6 Qe5 27. Bxg6 Qxf6 28. Qh7+ Kf8 29. Qh6+ Ke7 30. Nh7 Nf3+ 31. Kf1 Rd1+ 32. Ke2 Re1+ 33. Kd3 Qd4+ 34. Kc2 Ba4# 0-1

[Event "NED-chT 1819"]
[Site "Netherlands"]
[Date "2018.12.15"]
[Round "5.8"]
[White "Van der Poel, Henk"]
[Black "Schouten, Jordy"]
[Result "1/2-1/2"]
[WhiteElo "2230"]
[BlackElo "2079"]
[PlyCount "162"]
[EventDate "2018.09.15"]
[EventType "team-tourn"]
[EventRounds "9"]
[EventCountry "NED"]
[SourceTitle "CBM 189 Extra"]
[Source "ChessBase"]
[SourceDate "2019.06.03"]
[SourceVersion "1"]
[SourceVersionDate "2019.06.03"]
[SourceQuality "1"]
[WhiteTeam "BSG"]
[BlackTeam "De Stukkenjagers"]
[WhiteTeamCountry "NED"]
[BlackTeamCountry "NED"]

1. e4 c5 2. Nf3 d6 3. d4 cxd4 4. Nxd4 Nf6 5. Nc3 Nc6 6. Bg5 e6 7. Qd2 a6 8. 0-0-0 Bd7 9. f3 Be7 10. h4 Qc7 11. Kb1 h6 12. Be3 Nxd4 13. Bxd4 Bc6 14. g4 0-0-0 15. Qf2 Rd7 16. Bh3 Kb8 17. g5 Ne8 18. g6 f5 19. exf5 e5 20. Bb6 Qc8 21. f6 Nxf6 22. Rhe1 Rf8 23. Qe3 Nh5 24. Bxd7 Qxd7 25. Ne4 Nf4 26. Qb3 Nxg6 27. Rg1 Nxh4 28. Rxg7 Nxf3 29. Ng3 h5 30. Rg8 Qe8 31. Rxf8 Qxf8 32. Qe6 Ng5 33. Qf5 h4 34. Qxf8+ Bxf8 35. Nf5 h3 36. Nxd6 h2 37. Ne4 h1Q 38. Rxh1 Bxe4 39. Rh5 Nf7 40. Rh4 Bf5 41. Rh5 Be6 42. b3 Kc8 43. Kc1 Bh6+ 44. Kb2 Kd7 45. c4 Bg4 46. Rh4 Bf3 47. Kc3 Ke6 48. Bf2 Kf5 49. b4 e4 50. b5 axb5 51. cxb5 e3 52. Be1 Bg5 53. Rh7 Kg6 54. Rh2 Ne5 55. a4 Be4 56. Bg3 Kf5 57. a5 Nf3 58. Ra2 Bf6+ 59. Kb4 Kg4 60. Bd6 Nd2 61. Bc5 e2 62. Bf2 Kf3 63. Be1 Nf1 64. a6 bxa6 65. bxa6 Ne3 66. a7 Ng2 67. Bd2 Bg5 68. Bc3 Ba8 69. Kb5 Ne3 70. Kb6 Bh4 71. Kc7 Bg3+ 72. Kc8 Ke4 73. Ba5 Kd3 74. Rxe2 Kxe2 75. Bc7 Bxc7 76. Kxc7 Nd5+ 77. Kb8 Nb6 78. Kc7 Nd5+ 79. Kb8 Nb6 80. Kc7 Nd5+ 81. Kb8 Nb6 1/2-1/2

[Event "NED-chT 1718"]
[Site "Netherlands"]
[Date "2018.04.07"]
[Round "8.8"]
[White "Schippers, Maurice"]
[Black "Van der Poel, Henk"]
[Result "0-1"]
[WhiteElo "2289"]
[BlackElo "2233"]
[PlyCount "128"]
[EventDate "2017.09.16"]
[EventType "team-tourn"]
[EventRounds "9"]
[EventCountry "NED"]
[SourceTitle "EXT 2019"]
[Source "ChessBase"]
[SourceDate "2018.10.10"]
[SourceVersion "1"]
[SourceVersionDate "2018.10.10"]
[SourceQuality "1"]
[WhiteTeam "Groningen Combinatie"]
[BlackTeam "BSG"]
[WhiteTeamCountry "NED"]
[BlackTeamCountry "NED"]

1. e4 c5 2. Nf3 e6 3. d4 cxd4 4. Nxd4 Nc6 5. Nc3 Qc7 6. Be3 a6 7. Qd2 Nf6 8. f4 Bb4 9. Bd3 d5 10. e5 Nd7 11. a3 Be7 12. 0-0 Nxd4 13. Bxd4 Bc5 14. Ne2 Bxd4+ 15. Nxd4 Nc5 16. b4 Nxd3 17. cxd3 Qb6 18. Qf2 0-0 19. Nb3 Qb5 20. Qd4 b6 21. a4 Qc6 22. Rfc1 Qb7 23. a5 Rb8 24. Rcb1 bxa5 25. bxa5 Bd7 26. Kf2 Bb5 27. Nc5 Qe7 28. Rc1 Rfc8 29. g3 Rc6 30. Rc3 Rbc8 31. Rac1 h6 32. h4 Qc7 33. Nxa6 Qxa5 34. Rxc6 Rxc6 35. Rxc6 Qd2+ 36. Kg1 Bxc6 37. Nc5 Bb5 38. f5 Qe1+ 39. Kg2 Qe2+ 40. Qf2 Qxe5 41. fxe6 fxe6 42. d4 Qf5 43. Qe1 e5 44. dxe5 d4 45. Kg1 Bc6 46. Qe2 Qb1+ 47. Qf1 Qc2 48. Nd3 Qd2 49. Nf4 Qe3+ 50. Kh2 Qd2+ 51. Kg1 Qe3+ 52. Kh2 Qd2+ 53. Kh3 Be4 54. Ne6 Qb4 55. Qf4 d3 56. Qf1 d2 57. Nd8 Qb3 58. e6 d1Q 59. Qf7+ Kh7 60. e7 Qh1+ 61. Kg4 Qbd1+ 62. Kf4 Qhf3+ 63. Ke5 Qxf7 64. Nxf7 Qd5+ 0-1

[Event "NED-chT 1718"]
[Site "Netherlands"]
[Date "2018.02.03"]
[Round "6.7"]
[White "Driessens, Patrick"]
[Black "Van der Poel, Henk"]
[Result "1/2-1/2"]
[WhiteElo "2288"]
[BlackElo "2233"]
[PlyCount "80"]
[EventDate "2017.09.16"]
[EventType "team-tourn"]
[EventRounds "9"]
[EventCountry "NED"]
[SourceTitle "EXT 2019"]
[Source "ChessBase"]
[SourceDate "2018.10.10"]
[SourceVersion "1"]
[SourceVersionDate "2018.10.10"]
[SourceQuality "1"]
[WhiteTeam "Voerendaal"]
[BlackTeam "BSG"]
[WhiteTeamCountry "NED"]
[BlackTeamCountry "NED"]

1. d4 Nf6 2. c4 e6 3. Nf3 b6 4. Nc3 Bb7 5. a3 d5 6. cxd5 Nxd5 7. Qc2 Be7 8. e4 Nxc3 9. bxc3 0-0 10. Bd3 c5 11. 0-0 Qc8 12. Qe2 Ba6 13. Rd1 Bxd3 14. Rxd3 Nd7 15. h4 cxd4 16. cxd4 Qc4 17. Bg5 Bxg5 18. hxg5 Rac8 19. Rad1 Qb5 20. Qd2 Rc4 21. Qf4 Qc6 22. d5 exd5 23. Rxd5 Nc5 24. Ne5 Qc7 25. Qf5 Ra4 26. Rc1 Qe7 27. Nd7 Nxd7 28. Rxd7 Qxe4 29. Qxe4 Rxe4 30. Rxa7 Re5 31. f4 Rf5 32. g3 h6 33. gxh6 gxh6 34. Rc6 Rb5 35. Rxh6 Rd8 36. Kg2 Rd3 37. Rh4 Ra5 38. Rg4+ Kf8 39. Rb7 Rd6 40. Rb8+ Ke7 1/2-1/2

[Event "NED-chT 1718"]
[Site "Netherlands"]
[Date "2017.11.25"]
[Round "4.4"]
[White "Van der Poel, Henk"]
[Black "De Jong, Jan Willem"]
[Result "0-1"]
[WhiteElo "2233"]
[BlackElo "2446"]
[PlyCount "42"]
[EventDate "2017.09.16"]
[EventType "team-tourn"]
[EventRounds "9"]
[EventCountry "NED"]
[SourceTitle "EXT 2019"]
[Source "ChessBase"]
[SourceDate "2018.10.10"]
[SourceVersion "1"]
[SourceVersionDate "2018.10.10"]
[SourceQuality "1"]
[WhiteTeam "BSG"]
[BlackTeam "Leiden LSG"]
[WhiteTeamCountry "NED"]
[BlackTeamCountry "NED"]

1. e4 e5 2. Nf3 Nc6 3. d4 exd4 4. Nxd4 Nf6 5. Nxc6 bxc6 6. e5 Qe7 7. Qe2 Nd5 8. c4 Nb6 9. Nc3 Qe6 10. Qe4 g6 11. f4 Bg7 12. c5 Nd5 13. Bc4 Bb7 14. Be3 0-0 15. 0-0 d6 16. cxd6 cxd6 17. Bxd5 cxd5 18. Qb4 Bc6 19. Rae1 Rfb8 20. Qa3 dxe5 21. fxe5 d4 0-1

[Event "Amsterdam Science Park op-A"]
[Site "Amsterdam"]
[Date "2017.07.14"]
[Round "7"]
[White "Feher, Adam"]
[Black "Van der Poel, Henk"]
[Result "1-0"]
[WhiteElo "2377"]
[BlackElo "2216"]
[PlyCount "69"]
[EventDate "2017.07.08"]
[EventType "swiss"]
[EventRounds "9"]
[EventCountry "NED"]
[SourceTitle "CBM 179 Extra"]
[Source "ChessBase"]
[SourceDate "2017.08.23"]
[SourceVersion "1"]
[SourceVersionDate "2017.08.23"]
[SourceQuality "1"]

1. e4 c5 2. Nf3 d6 3. d4 cxd4 4. Nxd4 Nf6 5. Nc3 Nc6 6. Bg5 e6 7. Qd2 Be7 8. 0-0-0 0-0 9. f4 h6 10. Bh4 e5 11. Nf5 Bxf5 12. exf5 exf4 13. Kb1 d5 14. Bxf6 Bxf6 15. Nxd5 Be5 16. Bc4 b5 17. Bb3 a5 18. a3 a4 19. Ba2 b4 20. Nxb4 Qf6 21. Nxc6 Qxc6 22. Bd5 Qb6 23. c3 Rab8 24. Rhe1 Qf6 25. Ka2 Rb6 26. Qd3 Rc8 27. Re2 Rc5 28. Qe4 Rcb5 29. Rdd2 Bd6 30. Qe8+ Bf8 31. Qd7 Rb8 32. Rd4 R5b6 33. Qxa4 Ra6 34. Qc4 Qxf5 35. Qxa6 1-0

[Event "Amsterdam Science Park op-A"]
[Site "Amsterdam"]
[Date "2016.07.10"]
[Round "2"]
[White "Van der Poel, Henk"]
[Black "Riemersma, Liafbern"]
[Result "0-1"]
[WhiteElo "2220"]
[BlackElo "2449"]
[PlyCount "78"]
[EventDate "2016.07.09"]
[EventType "swiss"]
[EventRounds "9"]
[EventCountry "NED"]
[SourceTitle "CBM 173 Extra"]
[Source "ChessBase"]
[SourceDate "2016.08.29"]
[SourceVersion "1"]
[SourceVersionDate "2016.08.29"]
[SourceQuality "1"]

1. e4 e5 2. Nf3 Nc6 3. d4 exd4 4. Nxd4 Nf6 5. Nxc6 bxc6 6. e5 Qe7 7. Qe2 Nd5 8. c4 Nb6 9. Nc3 Qe6 10. Qe4 g6 11. Bd2 Bg7 12. f4 0-0 13. Bd3 Ba6 14. b3 d5 15. cxd5 cxd5 16. Qe2 Bxd3 17. Qxd3 f6 18. 0-0 fxe5 19. fxe5 Qxe5 20. Nb5 c5 21. Rae1 Rxf1+ 22. Qxf1 Qf6 23. Qxf6 Bxf6 24. Re6 Kg7 25. Rc6 c4 26. Rc7+ Kg8 27. Be3 Re8 28. Kf2 a6 29. Nd4 Re4 30. Rc6 Bxd4 31. Bxd4 Rxd4 32. Rxb6 c3 33. Rc6 Rd2+ 34. Ke1 d4 35. Rc4 Rxg2 36. b4 Rxa2 37. Rxd4 Ra1+ 38. Rd1 Rxd1+ 39. Kxd1 Kf7 0-1

[Event "NED-chT 1516"]
[Site "Netherlands"]
[Date "2016.03.19"]
[Round "7.10"]
[White "Van Haastert, Edwin"]
[Black "Van der Poel, Henk"]
[Result "1-0"]
[WhiteElo "2429"]
[BlackElo "2204"]
[PlyCount "53"]
[EventDate "2015.09.26"]
[EventType "team-tourn"]
[EventRounds "9"]
[EventCountry "NED"]
[SourceTitle "EXT 2017"]
[Source "ChessBase"]
[SourceDate "2016.10.25"]
[SourceVersion "1"]
[SourceVersionDate "2016.10.25"]
[SourceQuality "1"]
[WhiteTeam "Leiden LSG"]
[BlackTeam "BSG"]
[WhiteTeamCountry "NED"]
[BlackTeamCountry "NED"]

1. e4 c5 2. Nf3 e6 3. d4 cxd4 4. Nxd4 Nc6 5. Nc3 Qc7 6. f4 a6 7. Nxc6 Qxc6 8. Bd3 b5 9. Qe2 Bb7 10. Bd2 Rc8 11. a3 Be7 12. 0-0-0 Nf6 13. Rhe1 b4 14. axb4 Bxb4 15. g4 d5 16. exd5 Nxd5 17. Nxd5 Bxd2+ 18. Qxd2 Qxd5 19. Re5 Qc6 20. f5 Qa4 21. Ra5 Qxg4 22. Bxa6 Bxa6 23. Qd7+ Kf8 24. Qd6+ Ke8 25. Rxa6 Qc4 26. c3 h5 27. Ra7 1-0

[Event "NED-chT 1415"]
[Site "Netherlands"]
[Date "2015.03.21"]
[Round "7.7"]
[White "Burg, Twan"]
[Black "Van der Poel, Henk"]
[Result "1-0"]
[WhiteElo "2523"]
[BlackElo "2216"]
[PlyCount "113"]
[EventDate "2014.09.27"]
[EventType "team-tourn"]
[EventRounds "9"]
[EventCountry "NED"]
[SourceTitle "EXT 2016"]
[Source "ChessBase"]
[SourceDate "2015.10.08"]
[SourceVersion "1"]
[SourceVersionDate "2015.10.08"]
[SourceQuality "1"]
[WhiteTeam "Calder HMC"]
[BlackTeam "BSG"]
[WhiteTeamCountry "NED"]
[BlackTeamCountry "NED"]

1. e4 c5 2. Nf3 e6 3. d4 cxd4 4. Nxd4 Nc6 5. Nc3 Qc7 6. Be2 a6 7. Be3 Nf6 8. a3 b5 9. Nxc6 dxc6 10. 0-0 Bd6 11. f4 e5 12. f5 Bb7 13. Bf3 c5 14. Bg5 c4 15. Kh1 Bc5 16. Qe2 Bd4 17. Nd5 Nxd5 18. exd5 f6 19. d6 Qb6 20. c3 Bc5 21. Be3 Bxe3 22. Bxb7 Qxb7 23. Qxe3 0-0 24. Rad1 Qc6 25. Rd2 Rfd8 26. Rfd1 Rd7 27. Rd5 Rad8 28. Qd2 Kf8 29. h3 e4 30. Kh2 Qb6 31. Rd4 Re8 32. Qf4 e3 33. Re1 e2 34. Qd2 Qc5 35. g4 Qe5+ 36. Kg2 h5 37. gxh5 Qxf5 38. Rxe2 Qxh5 39. Rxe8+ Qxe8 40. a4 Qe5 41. axb5 axb5 42. Rd5 Qe4+ 43. Kg3 Qh1 44. Rxb5 Qg1+ 45. Kh4 g5+ 46. Kh5 Qg3 47. Kg6 Rg7+ 48. Kxf6 Rf7+ 49. Kg6 Rg7+ 50. Kf6 Rf7+ 51. Ke6 Qxh3+ 52. Kd5 Rf4 53. Kc5 Qd7 54. Kb4 Rf6 55. Qxg5 Qxd6+ 56. Qc5 Qxc5+ 57. Kxc5 1-0

[Event "NED-chT 1415"]
[Site "Netherlands"]
[Date "2015.03.07"]
[Round "6.5"]
[White "Van der Poel, Henk"]
[Black "Bosman, Michiel"]
[Result "1/2-1/2"]
[WhiteElo "2216"]
[BlackElo "2347"]
[PlyCount "66"]
[EventDate "2014.09.27"]
[EventType "team-tourn"]
[EventRounds "9"]
[EventCountry "NED"]
[SourceTitle "EXT 2016"]
[Source "ChessBase"]
[SourceDate "2015.10.08"]
[SourceVersion "1"]
[SourceVersionDate "2015.10.08"]
[SourceQuality "1"]
[WhiteTeam "BSG"]
[BlackTeam "Leiden LSG"]
[WhiteTeamCountry "NED"]
[BlackTeamCountry "NED"]

1. e4 e5 2. Nf3 Nc6 3. d4 exd4 4. Nxd4 Nf6 5. Nxc6 bxc6 6. e5 Ne4 7. Nd2 Nc5 8. Nf3 d5 9. exd6 cxd6 10. Be2 Be7 11. 0-0 0-0 12. Nd4 Bd7 13. c4 a5 14. Be3 Qc7 15. Qc2 Rfb8 16. Rab1 a4 17. Rfd1 g6 18. Bf3 Ra6 19. Qd2 Bf6 20. h3 Be5 21. b4 axb3 22. axb3 Ne6 23. b4 Nxd4 24. Bxd4 Bxd4 25. Qxd4 c5 26. bxc5 Rxb1 27. Rxb1 dxc5 28. Qb2 Be6 29. Qb8+ Qxb8 30. Rxb8+ Kg7 31. Rb5 Ra1+ 32. Kh2 Bxc4 33. Rxc5 Be6 1/2-1/2

[Event "NED-chT 1415"]
[Site "Netherlands"]
[Date "2014.11.22"]
[Round "3.7"]
[White "Peng, Zhaoqin"]
[Black "Van der Poel, Henk"]
[Result "1-0"]
[WhiteElo "2392"]
[BlackElo "2216"]
[PlyCount "101"]
[EventDate "2014.09.27"]
[EventType "team-tourn"]
[EventRounds "9"]
[EventCountry "NED"]
[SourceTitle "EXT 2016"]
[Source "ChessBase"]
[SourceDate "2015.10.08"]
[SourceVersion "1"]
[SourceVersionDate "2015.10.08"]
[SourceQuality "1"]
[WhiteTeam "En Passant"]
[BlackTeam "BSG"]
[WhiteTeamCountry "NED"]
[BlackTeamCountry "NED"]

1. d4 Nf6 2. c4 e6 3. Nf3 b6 4. g3 Ba6 5. b3 Bb7 6. Bg2 Bb4+ 7. Bd2 a5 8. 0-0 0-0 9. Bc3 d5 10. Bb2 Be7 11. Nc3 c5 12. Ne5 Na6 13. Rc1 Rc8 14. e3 Ba8 15. Qe2 dxc4 16. Bxa8 Rxa8 17. bxc4 cxd4 18. exd4 Qxd4 19. Nd5 Qc5 20. Nxf6+ Bxf6 21. Nd7 Qf5 22. Bxf6 gxf6 23. Nxf8 Rxf8 24. Rfd1 Nc5 25. Qe3 e5 26. Rd5 h5 27. h4 Kg7 28. Kg2 Rc8 29. Rd6 Ne6 30. Qf3 Qxf3+ 31. Kxf3 b5 32. c5 b4 33. Ra6 b3 34. axb3 Nd4+ 35. Ke3 Nxb3 36. Rc3 Nd4 37. Rxa5 f5 38. Rc4 Nc6 39. Ra6 Kf6 40. f4 Ke6 41. fxe5 Kxe5 42. Rc1 Nb4 43. Ra3 Nd5+ 44. Kf3 Rc6 45. Ra7 Nc7 46. Rb7 Ne6 47. Rxf7 Rxc5 48. Rxc5+ Nxc5 49. Rh7 Kf6 50. Rxh5 Nd7 51. Kf4 1-0

[Event "NED-chT 1415"]
[Site "Netherlands"]
[Date "2014.11.01"]
[Round "2.8"]
[White "Van der Poel, Henk"]
[Black "Braun, Christian1111"]
[Result "1/2-1/2"]
[WhiteElo "2216"]
[BlackElo "2360"]
[PlyCount "151"]
[EventDate "2014.09.27"]
[EventType "team-tourn"]
[EventRounds "9"]
[EventCountry "NED"]
[SourceTitle "EXT 2015"]
[Source "ChessBase"]
[SourceDate "2014.11.20"]
[SourceVersion "1"]
[SourceVersionDate "2014.11.20"]
[SourceQuality "1"]
[WhiteTeam "BSG"]
[BlackTeam "Voerendaal"]
[WhiteTeamCountry "NED"]
[BlackTeamCountry "NED"]

1. e4 e6 2. d4 d5 3. Nc3 Nf6 4. Bg5 Be7 5. e5 Nfd7 6. Bxe7 Qxe7 7. f4 a6 8. Qg4 f5 9. exf6 Qxf6 10. Nf3 0-0 11. g3 c5 12. Bh3 Nb6 13. Qg5 Qxg5 14. Nxg5 cxd4 15. Ne2 e5 16. fxe5 Bxh3 17. Nxh3 Nc6 18. 0-0-0 Rae8 19. Nxd4 Rxe5 20. Nf4 Rc8 21. Nxc6 bxc6 22. Rhe1 Rce8 23. Nd3 Re2 24. Rxe2 Rxe2 25. Rd2 Re8 26. b3 a5 27. Kd1 Kf7 28. Re2 Rxe2 29. Kxe2 Nd7 30. Ke3 Ke6 31. c4 Kd6 32. cxd5 Kxd5 33. Nf4+ Kc5 34. Nd3+ Kd6 35. Kd4 c5+ 36. Kc4 Kc6 37. a3 Nb6+ 38. Kc3 Nd5+ 39. Kd2 Nf6 40. Ne5+ Kd5 41. Nc4 Ng4 42. Nxa5 Nxh2 43. Ke2 Ng4 44. Nc4 Nf6 45. Kf3 Kd4 46. a4 Kc3 47. a5 Ne8 48. a6 Nc7 49. a7 Kxb3 50. Nb6 c4 51. Ke2 c3 52. Kd1 h5 53. Kc1 g5 54. Nd5 Na8 55. Nf6 h4 56. gxh4 gxh4 57. Ng4 h3 58. Nh2 Kc4 59. Kc2 Kd4 60. Ng4 Nc7 61. Nh2 Ke3 62. Kc1 Kd3 63. Ng4 Ke2 64. Nh2 Kf2 65. Ng4+ Kg3 66. Ne3 Kh4 67. Nf1 Kg4 68. Kc2 Kf3 69. Nh2+ Kg2 70. Ng4 Na8 71. Kxc3 Kg3 72. Ne3 Kf3 73. Nf1 Kg2 74. Ne3+ Kf3 75. Nf1 Kg2 76. Ne3+ 1/2-1/2

[Event "NED-chT 1314"]
[Site "Netherlands"]
[Date "2014.05.10"]
[Round "9.7"]
[White "Kollen, Zyon"]
[Black "Van der Poel, Henk"]
[Result "1/2-1/2"]
[WhiteElo "2190"]
[BlackElo "2254"]
[PlyCount "77"]
[EventDate "2013.09.21"]
[EventType "team-tourn"]
[EventRounds "9"]
[EventCountry "NED"]
[SourceTitle "EXT 2015"]
[Source "ChessBase"]
[SourceDate "2014.11.20"]
[SourceVersion "1"]
[SourceVersionDate "2014.11.20"]
[SourceQuality "1"]
[WhiteTeam "ESG Max Euwe"]
[BlackTeam "BSG"]
[WhiteTeamCountry "NED"]
[BlackTeamCountry "NED"]

1. e4 c5 2. Nf3 e6 3. d4 cxd4 4. Nxd4 Nc6 5. Nc3 Qc7 6. Be3 a6 7. Bd3 Nf6 8. 0-0 Nxd4 9. Bxd4 Bc5 10. Bxc5 Qxc5 11. a4 d6 12. Kh1 e5 13. f4 Be6 14. Qd2 exf4 15. Rxf4 Qe5 16. Raf1 Rc8 17. Nd1 d5 18. exd5 Nxd5 19. Rxf7 Bxf7 20. Re1 Qxe1+ 21. Qxe1+ Kf8 22. Qe5 h5 23. c4 Ne7 24. Ne3 Rh6 25. Bf5 Rd8 26. h3 Rhd6 27. Kh2 b6 28. b3 Rd2 29. Qc7 R2d6 30. a5 bxa5 31. Qxa5 Ke8 32. Be4 Re6 33. Bd5 Nxd5 34. Nxd5 Red6 35. Qc7 Bxd5 36. cxd5 R8d7 37. Qc8+ Rd8 38. Qc7 R8d7 39. Qc8+ 1/2-1/2

[Event "NED-chT 1314"]
[Site "Netherlands"]
[Date "2014.03.08"]
[Round "6.6"]
[White "Van der Poel, Henk"]
[Black "Ikonnikov, Vyacheslav"]
[Result "1/2-1/2"]
[WhiteElo "2254"]
[BlackElo "2562"]
[PlyCount "57"]
[EventDate "2013.09.21"]
[EventType "team-tourn"]
[EventRounds "9"]
[EventCountry "NED"]
[SourceTitle "EXT 2015"]
[Source "ChessBase"]
[SourceDate "2014.11.20"]
[SourceVersion "1"]
[SourceVersionDate "2014.11.20"]
[SourceQuality "1"]
[WhiteTeam "BSG"]
[BlackTeam "En Passant"]
[WhiteTeamCountry "NED"]
[BlackTeamCountry "NED"]

1. e4 c5 2. Nf3 Nc6 3. d4 cxd4 4. Nxd4 e5 5. Nb5 d6 6. a4 Be7 7. N1c3 a6 8. Na3 Be6 9. Bc4 Nf6 10. Bg5 0-0 11. Bxf6 Bxf6 12. Nd5 Bg5 13. 0-0 Kh8 14. c3 Rb8 15. Qe2 Bd7 16. Bd3 Ne7 17. Nxe7 Qxe7 18. Nc2 Bc6 19. a5 d5 20. exd5 Bxd5 21. Nb4 Qe6 22. Rfe1 Bf6 23. Nxd5 Qxd5 24. Qe4 Qxe4 25. Bxe4 g6 26. Red1 Rfd8 27. Kf1 Kg7 28. Ke2 Kf8 29. Rd5 1/2-1/2

[Event "NED-chT 1314"]
[Site "Netherlands"]
[Date "2014.01.04"]
[Round "4.10"]
[White "Van der Poel, Henk"]
[Black "Ondersteijn, Niels"]
[Result "1/2-1/2"]
[WhiteElo "2254"]
[BlackElo "2314"]
[PlyCount "116"]
[EventDate "2013.09.21"]
[EventType "team-tourn"]
[EventRounds "9"]
[EventCountry "NED"]
[SourceTitle "EXT 2015"]
[Source "ChessBase"]
[SourceDate "2014.11.20"]
[SourceVersion "1"]
[SourceVersionDate "2014.11.20"]
[SourceQuality "1"]
[WhiteTeam "BSG"]
[BlackTeam "Calder HMC"]
[WhiteTeamCountry "NED"]
[BlackTeamCountry "NED"]

1. e4 c5 2. Nf3 g6 3. d4 cxd4 4. Nxd4 Nc6 5. Nc3 Bg7 6. Be3 Nf6 7. Bc4 0-0 8. Bb3 a5 9. 0-0 Nxd4 10. Bxd4 d6 11. a4 Bd7 12. f4 Bc6 13. Kh1 Nd7 14. Bxg7 Kxg7 15. Qd4+ f6 16. Nd5 Nc5 17. f5 Bxd5 18. Bxd5 Qb6 19. Rad1 Rac8 20. b3 Rc7 21. Rf3 Nd7 22. Qd2 Ne5 23. Rh3 g5 24. Qe2 h6 25. Qh5 Rh8 26. c4 Qf2 27. Rhd3 Qf4 28. h3 Qh4 29. Qxh4 gxh4 30. Re3 Rh7 31. Rf1 Kh8 32. Rf4 Rg7 33. Rxh4 Kh7 34. Rf4 Nd7 35. Kh2 Nc5 36. Rff3 Rc8 37. Rg3 Rg5 38. h4 Rxg3 39. Kxg3 h5 40. Kf4 Rb8 41. Rg3 Rf8 42. Rc3 Nd7 43. Ke3 b6 44. Kd4 Nc5 45. Rg3 Na6 46. Kc3 Nb4 47. Rg6 Na2+ 48. Kd2 Nb4 49. g4 hxg4 50. Rxg4 Na6 51. Rg6 Nc5 52. Rg3 Kh6 53. Kc3 Re8 54. Rg1 Kh7 55. Rg4 Rb8 56. Rg1 Re8 57. Rg4 Rb8 58. Rg1 Re8 1/2-1/2

[Event "Hoogeveen Unive op 17th"]
[Site "Hoogeveen"]
[Date "2013.10.26"]
[Round "9"]
[White "Den Hartog, Marijn"]
[Black "Van der Poel, Henk"]
[Result "1/2-1/2"]
[WhiteElo "1998"]
[BlackElo "2246"]
[PlyCount "111"]
[EventDate "2013.10.18"]
[EventType "swiss"]
[EventRounds "9"]
[EventCountry "NED"]
[SourceTitle "EXT 2014"]
[Source "ChessBase"]
[SourceDate "2013.11.20"]
[SourceVersion "1"]
[SourceVersionDate "2013.11.20"]
[SourceQuality "1"]

1. e4 c5 2. Nc3 e6 3. f4 Nc6 4. Nf3 d5 5. Bb5 Nge7 6. exd5 exd5 7. Qe2 g6 8. Bxc6+ bxc6 9. Qe5 Rg8 10. 0-0 Bg7 11. Qe2 Bg4 12. Re1 Qd6 13. b3 Kf8 14. Ba3 Re8 15. Rab1 Bf6 16. h3 Bxf3 17. Qxf3 Kg7 18. Na4 Nf5 19. Bxc5 Bd4+ 20. Bxd4+ Nxd4 21. Qc3 Qxf4 22. Nc5 Qf6 23. Qd3 Nf5 24. c3 Qh4 25. Re2 Qg3 26. Qxg3 Nxg3 27. Ree1 f5 28. Kf2 Ne4+ 29. Nxe4 dxe4 30. d4 f4 31. g3 g5 32. Re2 Rgf8 33. Rbe1 e3+ 34. Kf3 h5 35. gxf4 Rxf4+ 36. Kg3 Rfe4 37. Rf1 Kg6 38. Rf3 h4+ 39. Kg2 g4 40. hxg4 Rxg4+ 41. Kh3 Rge4 42. Rf1 R8e6 43. Rf3 a6 44. c4 Rxd4 45. Rfxe3 Rxe3+ 46. Rxe3 Kf5 47. Re8 Rd2 48. Rc8 Rxa2 49. Rxc6 Ra3 50. Rb6 a5 51. Kxh4 a4 52. b4 Rc3 53. c5 a3 54. Ra6 Rc4+ 55. Kg3 Rxb4 56. Rxa3 1/2-1/2

[Event "Hoogeveen Unive op 17th"]
[Site "Hoogeveen"]
[Date "2013.10.24"]
[Round "7"]
[White "Van der Poel, Henk"]
[Black "Zepeda, Lorena"]
[Result "0-1"]
[WhiteElo "2246"]
[BlackElo "2156"]
[PlyCount "40"]
[EventDate "2013.10.18"]
[EventType "swiss"]
[EventRounds "9"]
[EventCountry "NED"]
[SourceTitle "EXT 2014"]
[Source "ChessBase"]
[SourceDate "2013.11.20"]
[SourceVersion "1"]
[SourceVersionDate "2013.11.20"]
[SourceQuality "1"]

1. e4 c5 2. Nf3 d6 3. d4 cxd4 4. Nxd4 Nf6 5. Nc3 a6 6. Bc4 e6 7. 0-0 Nbd7 8. Re1 Qc7 9. Bxe6 fxe6 10. Nxe6 Qb8 11. Nd5 Kf7 12. Nec7 Ra7 13. Bg5 b6 14. Nxf6 Nxf6 15. Nd5 Nxd5 16. exd5 Kg8 17. Re8 Rf7 18. Qe2 Qc7 19. Bd8 Qb7 20. Bxb6 Bd7 0-1

[Event "Hoogeveen Unive op 17th"]
[Site "Hoogeveen"]
[Date "2013.10.21"]
[Round "4"]
[White "Ritsema, Ronald JE"]
[Black "Van der Poel, Henk"]
[Result "0-1"]
[WhiteElo "2012"]
[BlackElo "2246"]
[PlyCount "76"]
[EventDate "2013.10.18"]
[EventType "swiss"]
[EventRounds "9"]
[EventCountry "NED"]
[SourceTitle "EXT 2014"]
[Source "ChessBase"]
[SourceDate "2013.11.20"]
[SourceVersion "1"]
[SourceVersionDate "2013.11.20"]
[SourceQuality "1"]

1. c4 Nf6 2. Nf3 c5 3. Nc3 g6 4. g3 b6 5. Bg2 Bb7 6. 0-0 Bg7 7. d3 d5 8. cxd5 Nxd5 9. Bd2 0-0 10. Qc1 Nc6 11. Bh6 Rc8 12. Bxg7 Kxg7 13. Nxd5 Qxd5 14. Qc3+ Kg8 15. Rfe1 Rfd8 16. a3 Nd4 17. Nh4 Qd7 18. Bxb7 Qxb7 19. Rad1 Rd6 20. Ng2 Rcd8 21. Ne3 Qd7 22. Kg2 h5 23. h3 Qb7+ 24. Kg1 Rf6 25. Nc2 Qd7 26. Kg2 h4 27. Nxd4 cxd4 28. Qd2 hxg3 29. f3 Kg7 30. Rc1 Rh8 31. Rh1 Rf5 32. Qe1 Qe6 33. Rc2 Re5 34. Rd2 Reh5 35. Qxg3 Qe3 36. Qe1 Rg5+ 37. Kf1 Rxh3 38. Rxh3 Rg1# 0-1